[Event "EU-ch Seniors 65 22nd"]
[Site "Acqui Terme"]
[Date "2023.05.28"]
[Round "3"]
[White "Van Herck, Marcel"]
[Black "Idesis, Yaacov"]
[Result "1/2-1/2"]
[WhiteElo "2009"]
[BlackElo "1780"]
[PlyCount "20"]
[EventDate "2023.05.26"]
[EventType "swiss"]
[EventRounds "9"]
[EventCountry "ITA"]
[SourceTitle "CBM 214 Extra"]
[Source "ChessBase"]
[SourceDate "2023.07.31"]
[SourceVersion "1"]
[SourceVersionDate "2023.07.31"]
[SourceQuality "1"]

1. e4 c6 2. d4 d5 3. f3 dxe4 4. fxe4 Nf6 5. Nc3 Bg4 6. Nf3 e6 7. Be3 Be7 8. Qd2 Nbd7 9. 0-0-0 a6 10. Bd3 b5 1/2-1/2

[Event "Wch Seniors 65 29th"]
[Site "Bucharest"]
[Date "2019.11.18"]
[Round "6"]
[White "Parvulescu, Nicu"]
[Black "Idesis, Yaacov"]
[Result "1/2-1/2"]
[WhiteElo "1630"]
[BlackElo "1896"]
[PlyCount "55"]
[EventDate "2019.11.12"]
[EventType "swiss"]
[EventRounds "11"]
[EventCountry "ROU"]
[SourceTitle "CBM 193 Extra"]
[Source "ChessBase"]
[SourceDate "2020.01.31"]
[SourceVersion "1"]
[SourceVersionDate "2020.01.31"]
[SourceQuality "1"]

1. e4 c6 2. d4 d5 3. Nc3 dxe4 4. Nxe4 Nd7 5. Bc4 e6 6. Nf3 Ndf6 7. Nxf6+ Nxf6 8. 0-0 h6 9. c3 Bd6 10. h3 Qc7 11. Re1 0-0 12. Bb3 Bf4 13. Be3 b6 14. Qd2 Bxe3 15. Qxe3 Ba6 16. Ne5 Nd5 17. Qe4 Rad8 18. Rad1 c5 19. dxc5 Qxc5 20. Bc2 Nf6 21. Qc6 Rxd1 22. Bxd1 Rc8 23. Qf3 Qc7 24. Bb3 Bb7 25. Qe3 Bd5 26. c4 Bb7 27. Rd1 Rd8 28. Rd4 1/2-1/2

[Event "Rubinstein Memorial-B 55th"]
[Site "Polanica Zdroj"]
[Date "2019.08.25"]
[Round "9"]
[White "Meizlin, Yaacov"]
[Black "Idesis, Yaacov"]
[Result "0-1"]
[WhiteElo "2027"]
[BlackElo "1856"]
[PlyCount "114"]
[EventDate "2019.08.17"]
[EventType "swiss"]
[EventRounds "9"]
[EventCountry "POL"]
[SourceTitle "EXT 2020"]
[Source "ChessBase"]
[SourceDate "2019.10.17"]
[SourceVersion "1"]
[SourceVersionDate "2019.10.17"]
[SourceQuality "1"]

1. e4 c6 2. Nc3 d5 3. Qf3 dxe4 4. Nxe4 Nf6 5. Bc4 h6 6. Nxf6+ exf6 7. Ne2 Bd6 8. d4 0-0 9. 0-0 Qc7 10. h3 Be6 11. Bd3 Bd5 12. Qf5 g6 13. Qxf6 Nd7 14. Qh4 h5 15. c4 Be6 16. c5 Nxc5 17. dxc5 Bxc5 18. Bf4 Bd6 19. Bh6 Rfe8 20. Qf6 Be5 21. Qh4 Bxb2 22. Rab1 Bh8 23. Bc4 Bf5 24. Rbe1 Re4 25. Bf4 Rxc4 26. Bxc7 Rxh4 27. f4 Re8 28. Kh2 g5 29. fxg5 Be5+ 30. Ng3 Bxg3+ 31. Bxg3 Rhe4 32. Rxe4 Bxe4 33. Re1 Re6 34. Bf2 b6 35. Kg3 Kh7 36. a3 Kg6 37. h4 Bd5 38. Rxe6+ fxe6 39. Be3 Kf5 40. Kf2 e5 41. g3 c5 42. a4 a5 43. g6 Kxg6 44. Bg5 Bc6 45. Bd8 Bxa4 46. Bxb6 c4 47. Bxa5 Kf5 48. Bc7 Ke4 49. Ke2 c3 50. Ke1 Kd4 51. Ke2 Bb5+ 52. Kd1 e4 53. Ba5 Kd3 54. Bb4 c2+ 55. Kc1 e3 56. Bc5 Ba4 57. Bb4 Ke2 0-1

[Event "Rubinstein Memorial-B 55th"]
[Site "Polanica Zdroj"]
[Date "2019.08.24"]
[Round "8"]
[White "Idesis, Yaacov"]
[Black "Dembowski, Andrzej"]
[Result "1-0"]
[WhiteElo "1856"]
[BlackElo "1840"]
[PlyCount "137"]
[EventDate "2019.08.17"]
[EventType "swiss"]
[EventRounds "9"]
[EventCountry "POL"]
[SourceTitle "EXT 2020"]
[Source "ChessBase"]
[SourceDate "2019.10.17"]
[SourceVersion "1"]
[SourceVersionDate "2019.10.17"]
[SourceQuality "1"]

1. d4 c5 2. Nf3 cxd4 3. Qxd4 d6 4. c3 Nf6 5. Qd1 g6 6. Bf4 Bg7 7. e3 0-0 8. Be2 Nbd7 9. Nbd2 Nh5 10. Bg3 a6 11. a4 Nxg3 12. hxg3 Nf6 13. a5 Re8 14. Nc4 Rb8 15. Nb6 Be6 16. Nd4 Bd7 17. 0-0 Qc7 18. Qc2 d5 19. Rfd1 e5 20. Nxd7 Qxd7 21. Nf3 Qc6 22. Qa4 Qc7 23. Rac1 Rbd8 24. Bf1 Ne4 25. Nd2 Nc5 26. Qa2 Qc6 27. b4 Ne6 28. Qb3 Nc7 29. c4 d4 30. b5 Qc5 31. Ne4 Qe7 32. b6 Ne6 33. c5 dxe3 34. Qxe3 Rxd1 35. Rxd1 Nd4 36. Bc4 Nc6 37. Nd6 Rf8 38. Qd2 Kh8 39. Qa2 Nd8 40. Bd5 h6 41. Qb3 f5 42. Qc4 e4 43. Qe2 Be5 44. Nc4 Bf6 45. Qd2 Kg7 46. Nd6 Be5 47. Bb3 Nc6 48. Nc4 Bd4 49. Ba4 Rd8 50. Qe2 Qxc5 51. Bxc6 bxc6 52. Rb1 Qe7 53. Ne3 Qb7 54. Nc2 c5 55. Qc4 Kf6 56. Ne3 Ke5 57. Qe2 h5 58. Kh2 Kf6 59. Nc4 Rd7 60. Qd2 g5 61. Qe2 f4 62. gxf4 gxf4 63. Kg1 f3 64. gxf3 exf3 65. Qe8 Qd5 66. Qf8+ Rf7 67. Qh6+ Ke7 68. b7 Bg7 69. Qd6+ 1-0

[Event "Rubinstein Memorial-B 55th"]
[Site "Polanica Zdroj"]
[Date "2019.08.22"]
[Round "6"]
[White "Fainberg, Boris"]
[Black "Idesis, Yaacov"]
[Result "1-0"]
[WhiteElo "2030"]
[BlackElo "1856"]
[PlyCount "67"]
[EventDate "2019.08.17"]
[EventType "swiss"]
[EventRounds "9"]
[EventCountry "POL"]
[SourceTitle "EXT 2020"]
[Source "ChessBase"]
[SourceDate "2019.10.17"]
[SourceVersion "1"]
[SourceVersionDate "2019.10.17"]
[SourceQuality "1"]

1. c4 c6 2. d4 d5 3. Nc3 Nf6 4. e3 e6 5. Nf3 Be7 6. Bd3 0-0 7. 0-0 a6 8. e4 dxc4 9. Bxc4 b5 10. Bd3 Bb7 11. e5 Nd5 12. Nxd5 Qxd5 13. Qc2 g6 14. Be4 Qd7 15. h4 c5 16. dxc5 Bxe4 17. Qxe4 Nc6 18. Bg5 Rac8 19. Rfd1 Qc7 20. b4 a5 21. a3 Rfd8 22. Rd6 Rd7 23. Rad1 Bxd6 24. cxd6 Qb8 25. Bf6 h6 26. Qf4 Kh7 27. Ng5+ Kg8 28. Nxe6 Kh7 29. Nc5 Ra7 30. d7 Rf8 31. h5 Nd8 32. Rd3 axb4 33. hxg6+ fxg6 34. Qxh6+ 1-0

[Event "Wch Seniors 65 28th"]
[Site "Bled"]
[Date "2018.11.29"]
[Round "11"]
[White "Idesis, Yaacov"]
[Black "Rubinstein, Mark"]
[Result "1-0"]
[WhiteElo "1967"]
[BlackElo "1831"]
[PlyCount "93"]
[EventDate "2018.11.18"]
[EventType "swiss"]
[EventRounds "11"]
[EventCountry "SLO"]
[SourceTitle "EXT 2020"]
[Source "ChessBase"]
[SourceDate "2019.10.17"]
[SourceVersion "1"]
[SourceVersionDate "2019.10.17"]
[SourceQuality "1"]

1. d4 d5 2. Bf4 c6 3. Nf3 Bf5 4. e3 e6 5. Bd3 Bxd3 6. Qxd3 Bd6 7. Nbd2 Bxf4 8. exf4 Qd6 9. g3 Nd7 10. 0-0 Ne7 11. Rfe1 c5 12. c3 c4 13. Qe2 0-0 14. Ne5 Rfe8 15. Nxd7 Qxd7 16. Nf3 Nc6 17. Ne5 Qc7 18. Qc2 g6 19. h4 Kg7 20. Kg2 f6 21. Nxc6 bxc6 22. b3 cxb3 23. axb3 c5 24. Qd3 h5 25. Ra6 Kf7 26. Qe3 cxd4 27. Qxd4 Qb7 28. Rea1 Re7 29. b4 Rd7 30. Kh2 Re7 31. Qe3 f5 32. Rd6 Rae8 33. Rda6 Ra8 34. Qd3 Rc8 35. Qe3 Rcc7 36. Qe5 Qc8 37. R1a3 Rb7 38. Qd4 Qc7 39. Qh8 Qd7 40. Qe5 Qc7 41. Qd4 Qd7 42. Kg2 Qc7 43. f3 Qb8 44. g4 hxg4 45. fxg4 Rbc7 46. g5 Rc4 47. Qf6+ 1-0

[Event "Wch Seniors 65 28th"]
[Site "Bled"]
[Date "2018.11.25"]
[Round "7"]
[White "Idesis, Yaacov"]
[Black "Lotsov Har Zahav, Avraham"]
[Result "0-1"]
[WhiteElo "1967"]
[BlackElo "1700"]
[PlyCount "70"]
[EventDate "2018.11.18"]
[EventType "swiss"]
[EventRounds "11"]
[EventCountry "SLO"]
[SourceTitle "CBM 187 Extra"]
[Source "ChessBase"]
[SourceDate "2018.11.04"]
[SourceVersion "1"]
[SourceVersionDate "2018.11.04"]
[SourceQuality "1"]

1. d4 f5 2. Nc3 Nf6 3. Bg5 c6 4. Bxf6 exf6 5. e4 fxe4 6. Nxe4 d5 7. Ng3 Bd6 8. Qh5+ g6 9. Qh4 Qe7+ 10. Be2 Be6 11. Qh6 Bxg3 12. hxg3 Qb4+ 13. Qd2 Qxb2 14. Rd1 Nd7 15. Nh3 Bxh3 16. gxh3 0-0-0 17. 0-0 Qa3 18. c4 dxc4 19. Bxc4 h5 20. Be6 Qd6 21. Rfe1 Kb8 22. Bxd7 Rxd7 23. Re3 f5 24. h4 f4 25. Rf3 fxg3 26. fxg3 Re8 27. Qf4 Qxf4 28. Rxf4 Re2 29. Rf6 Rxa2 30. Rxg6 a5 31. Rg5 Rd5 32. Rxd5 cxd5 33. Re1 a4 34. Re5 a3 35. Rxd5 Rb2 0-1

[Event "EU-ch Seniors 65 18th"]
[Site "Drammen"]
[Date "2018.08.11"]
[Round "8"]
[White "Idesis, Yaacov"]
[Black "Munar Mut, Antoni"]
[Result "0-1"]
[WhiteElo "1958"]
[BlackElo "1909"]
[PlyCount "84"]
[EventDate "2018.08.04"]
[EventType "swiss"]
[EventRounds "9"]
[EventCountry "NOR"]
[SourceTitle "CBM 186 Extra"]
[Source "ChessBase"]
[SourceDate "2018.08.24"]
[SourceVersion "1"]
[SourceVersionDate "2018.08.24"]
[SourceQuality "1"]

1. d4 d5 2. Bf4 e6 3. e3 Nf6 4. Nf3 Be7 5. Bd3 0-0 6. Nbd2 c5 7. c3 Nc6 8. h3 cxd4 9. exd4 Bd7 10. 0-0 Rc8 11. Re1 a6 12. a4 g6 13. Ne5 Nh5 14. Bh6 Nxe5 15. Bxf8 Nxd3 16. Bxe7 Qxe7 17. Re3 Nxb2 18. Qb3 Nc4 19. Nxc4 Rxc4 20. Qxb7 Qd6 21. a5 Bb5 22. Rb1 Qc7 23. Qxc7 Rxc7 24. g3 Ng7 25. g4 Ne8 26. Kg2 Nd6 27. Ra1 Kg7 28. f3 Nc4 29. Ree1 Nb2 30. Ra2 Nd3 31. Re3 g5 32. Kg3 Nf4 33. h4 h6 34. h5 Rc4 35. Re1 Rc7 36. Re3 Kf6 37. Kf2 Ke7 38. Kg3 Kd6 39. Kf2 Bc4 40. Ra1 Rb7 41. Ra4 Rb1 42. Rb4 Nd3+ 0-1

[Event "EU-ch Seniors 65 18th"]
[Site "Drammen"]
[Date "2018.08.06"]
[Round "3"]
[White "Hedin, Gunnar"]
[Black "Idesis, Yaacov"]
[Result "1-0"]
[WhiteElo "2179"]
[BlackElo "1958"]
[PlyCount "57"]
[EventDate "2018.08.04"]
[EventType "swiss"]
[EventRounds "9"]
[EventCountry "NOR"]
[SourceTitle "CBM 186 Extra"]
[Source "ChessBase"]
[SourceDate "2018.08.24"]
[SourceVersion "1"]
[SourceVersionDate "2018.08.24"]
[SourceQuality "1"]

1. f4 d5 2. Nf3 Bf5 3. g3 e6 4. Bg2 Nf6 5. 0-0 Nbd7 6. d3 c6 7. e3 h6 8. Nc3 Be7 9. Qe2 0-0 10. h3 Bh7 11. g4 Ne8 12. e4 dxe4 13. dxe4 Bc5+ 14. Kh1 Nc7 15. f5 exf5 16. exf5 Re8 17. Qc4 Qe7 18. Bf4 Nb6 19. Qb3 Ncd5 20. Rae1 Qf8 21. Nxd5 Nxd5 22. Bd2 Bb6 23. c4 Rxe1 24. Rxe1 Nf6 25. Ne5 Rd8 26. Bb4 c5 27. Bc3 Nd7 28. Nxf7 Re8 29. Nxh6+ 1-0